| 000 | 01065nam0a22002531 4500 | ||
|---|---|---|---|
| 001 | rc\3676455 | ||
| 005 | 20250610060700.0 | ||
| 035 | _a(NLR Aleph) 007748632 | ||
| 090 |
_a7239220 _c7239220 |
||
| 100 | _a20130115d1972 |||y0rusy50 ca | ||
| 101 | 0 | _arus | |
| 102 | _aRU | ||
| 105 | _aa i ||||| | ||
| 200 | 1 |
_aОсновы методики сбора, обработки и использования статистических данных о надежности машин _eУчеб. пособие _fАкад. бронетанковых войск им. Маршала Сов. Союза Малиновского Р.Я. |
|
| 210 |
_aМосква _cБ. и. _d1972 |
||
| 215 |
_a39 с., 1 л. табл. _cграф. _d28 |
||
| 300 | _aПеред загл. авт.: д-р техн. наук И.И. Кос, канд. техн. наук доц. Р.В. Сидоренко | ||
| 700 | 1 |
_aКос _bИ.И. |
|
| 701 | 1 |
_aСидоренко _bР.В. |
|
| 801 | 0 |
_aRU _bNLR _gpsbo |
|
| 801 | 1 |
_aRU _bELAR _2rusmarc |
|
| 852 |
_aNLR _j72-50к/3709 |
||
| 942 | _cBOOK | ||
| 980 | _aNB | ||